000 00597nam a2200181Ia 4500
008 090123s9999 xx 000 0 und d
082 _b39298
100 _aगडकरी श्रीनिवास
245 _aआगळ्या वेगळ्या
250 _a1
260 _bशब्द प्रकाशन
_c2005
300 _a116
600 _aगडकरी श्रीनिवास
630 _aआगळ्या वेगळ्या
700 _aगडकरी श्रीनिवास
730 _aआगळ्या वेगळ्या
942 _cBOOK
999 _c77360
_d77360